| 000 | 00493cam a2200181ua 4500 | ||
|---|---|---|---|
| 020 | _c50.00 | ||
| 041 |
_aeng _h |
||
| 082 |
_a535.2 _bEMS/AB |
||
| 100 | _aEmsley, H H . | ||
| 245 |
_aAberrations of thim lenses: An elementary treatment for technicians and students / _cH H Emsley. _hTextual Documents |
||
| 250 |
_a1 / _b. |
||
| 260 |
_aLondon : _bConstable and Company Ltd , _c1936. |
||
| 300 | _a352 ; . | ||
| 365 | _a50.00 | ||
| 504 | _a | ||
| 942 | _cBK | ||
| 999 |
_c8571 _d8571 |
||